Normal view
MARC view
Entry Personal Name
001 - CONTROL NUMBER
- control field: 64630
003 - CONTROL NUMBER IDENTIFIER
- control field: OSt
005 - DATE AND TIME OF LATEST TRANSACTION
- control field: 20160717152721.0
008 - FIXED-LENGTH DATA ELEMENTS
- fixed length control field: 160717|| aca||aabn | a|a d
040 ## - CATALOGING SOURCE
- Original cataloging agency: OSt
- Transcribing agency: OSt
100 ## - HEADING--PERSONAL NAME
- Personal name: श्रीवास्तव, सुखपाल
670 ## - SOURCE DATA FOUND
- Source citation: Work cat.: (OSt): श्रीवास्तव, सुखपाल , पाश्चात्य एवं समकालीन दर्शन एक विहंगम दृष्टि , 2014









